President Obama on which path you intend to travel (Record no. 42205)

MARC details
000 -LEADER
fixed length control field 00678nam a22001937a 4500
005 - DATE AND TIME OF LATEST TRANSACTION
control field 20100816153852.0
010 ## - LCCN (DPL NO)
LC control number ENG-100587
020 ## - INTERNATIONAL STANDARD BOOK NUMBER
Terms of availability 90.00
035 ## - SYSTEM CONTROL NUMBER
System control number EN-84120
037 ## - SOURCE OF ACQUISITION
Source of stock number/acquisition DBAD/PUB
082 ## - DEWEY DECIMAL CLASSIFICATION NUMBER
Classification number 920
100 ## - MAIN ENTRY--PERSONAL NAME
Personal name Bose, Shanti Shekhar
245 ## - TITLE STATEMENT
Title President Obama on which path you intend to travel
Statement of responsibility, etc by Shanti Shekhar Bose
260 ## - PUBLICATION, DISTRIBUTION, ETC. (IMPRINT)
Place of publication, distribution, etc West Bengal
Name of publisher, distributor, etc Shanti Shekhar Bose
Date of publication, distribution, etc 2009
270 ## - ADDRESS
Address Government Housing Estate Block -A Flat No 6 P O Sodepur
City West Bengal
300 ## - PHYSICAL DESCRIPTION
Extent xii,56p
Dimensions 21cm(Hb)
942 ## - ADDED ENTRY ELEMENTS (KOHA)
Source of classification or shelving scheme Dewey Decimal Classification
Item type English Books
Classification part 920
Call number suffix BOS
Holdings
Withdrawn status Lost status Not for loan Collection code Home library Current library Date acquired Source of acquisition Cost, normal purchase price Full call number Barcode Copy number Cost, replacement price Koha item type
    Not For Loan Non-fiction D.B.Act.Division D.B.Act.Division 16/08/2010 DBAD/PUB 90.00 920 BOS EN-84120 1 90.00 English Books

© Delhi Public Library
Hit Counter
free hit counter